[Event "CYCC U12"]
[Site "Victoria CAN"]
[Date "2005.03.26"]
[Round "6.11"]
[White "Culjaga, Marko"]
[Black "Wasser, Reuben"]
[Result "1-0"]
[WhiteElo "1263"]
[BlackElo "1098"]
[PlyCount "91"]
[GameId "2160767910969173"]
[EventDate "2005.03.24"]
[EventType "swiss"]
[EventRounds "7"]
[EventCountry "CAN"]

1. e4 e5 2. f4 f6 3. fxe5 d6 4. exf6 Nxf6 5. Nc3 Qe7 6. d3 d5 7. Bg5 dxe4 8. Bxf6 Qxf6 9. Qe2 Qe6 10. Qxe4 Qxe4+ 11. Nxe4 Bb4+ 12. c3 Ba5 13. Be2 O-O 14. Nf3 Bg4 15. O-O Nc6 16. h3 Bf5 17. Ng3 Bg6 18. a3 Rad8 19. Rad1 Rfe8 20. c4 Nd4 21. Nxd4 Rxd4 22. b4 Re3 23. Rf3 Rxf3 24. Bxf3 Rxd3 25. Rxd3 Bxd3 26. bxa5 Bxc4 27. Bxb7 c5 28. Ne4 Kf7 29. Nxc5 Kf6 30. Be4 h5 31. Bd3 Bd5 32. Ne4+ Ke5 33. Ng3 h4 34. Nf5 g6 35. Nxh4 g5 36. Nf3+ Bxf3 37. gxf3 Kf4 38. Kg2 Ke3 39. Kg3 Kxd3 40. Kg4 Ke3 41. Kxg5 Kxf3 42. h4 Ke4 43. h5 Ke5 44. h6 Ke6 45. h7 Kd5 46. h8=Q 1-0

[Event "CYCC U12"]
[Site "Victoria CAN"]
[Date "2005.03.26"]
[Round "6.12"]
[White "Tom, Foster"]
[Black "Patterson, Sean"]
[Result "1-0"]
[WhiteElo "988"]
[BlackElo "1205"]
[PlyCount "47"]
[GameId "2160767910969174"]
[EventDate "2005.03.24"]
[EventType "swiss"]
[EventRounds "7"]
[EventCountry "CAN"]

1. d4 g6 2. e4 Bg7 3. Nf3 Nf6 4. Nc3 O-O 5. Bc4 c6 6. e5 Nh5 7. O-O b5 8. Bb3 b4 9. Ne2 d6 10. Ng3 Nxg3 11. hxg3 Ba6 12. Re1 Nd7 13. Be3 dxe5 14. dxe5 Nxe5 15. Qxd8 Rfxd8 16. Nxe5 Bxe5 17. Bxa7 Bxb2 18. Rab1 Bc3 19. Rxe7 Bf6 20. Rxf7 Kh8 21. Bc5 Bg5 22. Rc1 Bd2 23. Re7 Bg5 24. Rxh7+ 1-0

[Event "CYCC U12"]
[Site "Victoria CAN"]
[Date "2005.03.26"]
[Round "6.13"]
[White "Chow, Thomas"]
[Black "Renaud, Joshua"]
[Result "1-0"]
[WhiteElo "1288"]
[BlackElo "981"]
[PlyCount "61"]
[GameId "2160767910969175"]
[EventDate "2005.03.24"]
[EventType "swiss"]
[EventRounds "7"]
[EventCountry "CAN"]

1. d4 b6 2. e4 Bb7 3. Nc3 d6 4. Nf3 Nd7 5. Bf4 e6 6. Bc4 Be7 7. Qd2 h6 8. d5 e5 9. Be3 Ngf6 10. b4 O-O 11. O-O Nh7 12. Rfb1 Ndf6 13. a4 a6 14. a5 b5 15. Be2 Bc8 16. Na2 Nxe4 17. Qd1 Nhf6 18. Bd3 Bf5 19. c4 bxc4 20. Bxc4 Nxf2 21. Bxf2 Bxb1 22. Rxb1 Qc8 23. Nc3 c6 24. Rc1 Qb7 25. Bb6 Rfc8 26. Nh4 cxd5 27. Bb3 Rc6 28. Nf5 Rac8 29. Qd2 Ne4 30. Qxd5 Nf6 31. Qxf7+ 1-0

[Event "CYCC U12"]
[Site "Victoria CAN"]
[Date "2005.03.26"]
[Round "6.14"]
[White "Parker, Dylan"]
[Black "Lacouvee, Connor"]
[Result "0-1"]
[WhiteElo "765"]
[BlackElo "1172"]
[PlyCount "96"]
[GameId "2160767910969176"]
[EventDate "2005.03.24"]
[EventType "swiss"]
[EventRounds "7"]
[EventCountry "CAN"]

1. e4 c5 2. Nf3 Nc6 3. Bb5 d6 4. d4 Bg4 5. d5 a6 6. dxc6 axb5 7. cxb7 Rb8 8. Bg5 g6 9. Nc3 Rxb7 10. O-O Bg7 11. Qd3 b4 12. Nd1 Nf6 13. b3 Nxe4 14. Qxe4 d5 15. Qxg4 Bxa1 16. Re1 O-O 17. Qh4 f6 18. Bh6 e5 19. Bxf8 Qxf8 20. Ne3 Bc3 21. Rd1 e4 22. Nxd5 exf3 23. Nxc3 bxc3 24. Qc4+ Qf7 25. Rd8+ Kg7 26. Qxc5 Rc7 27. Qe3 fxg2 28. Kxg2 Rc6 29. Qd3 Rc7 30. a4 Qe6 31. b4 Qg4+ 32. Qg3 Qe4+ 33. f3 Qxc2+ 34. Kg1 Re7 35. a5 Qb1+ 36. Kf2 c2 37. Rc8 c1=Q 38. Rxc1 Qxc1 39. f4 Qe1+ 40. Kg2 Qxg3+ 41. Kxg3 Rb7 42. a6 Rxb4 43. a7 Ra4 44. a8=Q Rxa8 45. h4 f5 46. Kh3 Ra3+ 47. Kg2 Kh6 48. Kf2 Kh5 0-1

[Event "CYCC U12"]
[Site "Victoria CAN"]
[Date "2005.03.26"]
[Round "6.15"]
[White "Choi, David"]
[Black "Moore, Zachary"]
[Result "1-0"]
[WhiteElo "812"]
[BlackElo "1081"]
[PlyCount "65"]
[GameId "2160767910969177"]
[EventDate "2005.03.24"]
[EventType "swiss"]
[EventRounds "7"]
[EventCountry "CAN"]

1. e4 e5 2. Nf3 d6 3. Nc3 Qf6 4. Bc4 g5 5. d3 g4 6. Ng5 Nh6 7. O-O c6 8. f3 d5 9. fxg4 Qg6 10. exd5 Bxg4 11. Qe1 Bc5+ 12. Be3 Bd4 13. Bxd4 e4 14. Qxe4+ Kf8 15. Qxg6 f6 16. Rxf6+ Ke7 17. Bc5+ Kd8 18. Qxh6 Nd7 19. Rf8+ Rxf8 20. Bxf8 Ke8 21. Re1+ Kd8 22. Nf7+ Kc7 23. Bd6+ Kb6 24. Qe3+ c5 25. Na4+ Ka5 26. Bxc5 b6 27. b4+ Kxa4 28. Bb3+ Kb5 29. a4+ Ka6 30. Bc4+ Kb7 31. Qe4 bxc5 32. d6+ Kb6 33. a5# 1-0

[Event "CYCC U12"]
[Site "Victoria CAN"]
[Date "2005.03.26"]
[Round "6.16"]
[White "Miller, Ben"]
[Black "Moore, Jeremy"]
[Result "1-0"]
[WhiteElo "847"]
[BlackElo "863"]
[PlyCount "27"]
[GameId "2160767910969178"]
[EventDate "2005.03.24"]
[EventType "swiss"]
[EventRounds "7"]
[EventCountry "CAN"]

1. e3 e5 2. d4 exd4 3. exd4 Qf6 4. h4 c5 5. Bg5 Qf5 6. Bc4 cxd4 7. Qxd4 Bb4+ 8. c3 Nc6 9. Qxg7 b6 10. Qxh8 d5 11. Qxg8+ Kd7 12. Bb5 Qe5+ 13. Be3 d4 14. Qxf7+ 1-0

[Event "CYCC U12"]
[Site "Victoria CAN"]
[Date "2005.03.27"]
[Round "7.1"]
[White "Mai, Lloyd"]
[Black "Xiong, Jerry"]
[Result "1-0"]
[WhiteElo "1955"]
[BlackElo "1832"]
[PlyCount "91"]
[GameId "2160767910969182"]
[EventDate "2005.03.24"]
[EventType "swiss"]
[EventRounds "7"]
[EventCountry "CAN"]

1. e4 c5 2. Nf3 d6 3. d4 cxd4 4. Nxd4 Nf6 5. Nc3 Nc6 6. Be2 e6 7. g4 h6 8. g5 hxg5 9. Bxg5 Be7 10. h4 Qb6 11. Nxc6 bxc6 12. Rb1 Qa5 13. Qd2 Rb8 14. Bf3 Bd7 15. Kf1 Qd8 16. h5 d5 17. e5 Nh7 18. Bxe7 Qxe7 19. Rg1 Kf8 20. a3 Qh4 21. Qe3 d4 22. Qe4 Qxe4 23. Nxe4 Rb5 24. Rd1 c5 25. b4 Rg8 26. Nxc5 Be8 27. Rxd4 a5 28. c4 Rb8 29. b5 Ke7 30. a4 Nf8 31. Na6 Rc8 32. c5 Nd7 33. Bb7 Rxc5 34. Rxd7+ Kxd7 35. Nxc5+ Kc7 36. Be4 Kb6 37. Nb7 Rh8 38. Nd6 Bd7 39. Bf3 Rg8 40. h6 g5 41. Nxf7 Bxb5+ 42. axb5 a4 43. h7 Rf8 44. h8=Q Rxh8 45. Nxh8 Kxb5 46. Ke2 1-0

[Event "CYCC U12"]
[Site "Victoria CAN"]
[Date "2005.03.27"]
[Round "7.2"]
[White "Fan, Brendan"]
[Black "Szalay, Karoly"]
[Result "0-1"]
[WhiteElo "1789"]
[BlackElo "1795"]
[PlyCount "106"]
[GameId "2160767910969183"]
[EventDate "2005.03.24"]
[EventType "swiss"]
[EventRounds "7"]
[EventCountry "CAN"]

1. e4 e5 2. Nf3 Nc6 3. Nc3 Nf6 4. d4 exd4 5. Nxd4 Bb4 6. Nxc6 Bxc3+ 7. bxc3 bxc6 8. Ba3 d6 9. Bd3 O-O 10. O-O Re8 11. Re1 a5 12. c4 c5 13. e5 dxe5 14. Rxe5 Bg4 15. Rxe8+ Qxe8 16. Qd2 Qe5 17. Re1 Qd4 18. Rb1 Be6 19. Qxa5 Qd8 20. Qxc5 Nd7 21. Qb4 c5 22. Qc3 Qa5 23. Qxa5 Rxa5 24. Rb3 f6 25. f4 g6 26. Kf2 Ra4 27. Rc3 f5 28. Ke3 Kf7 29. Kd2 Ke7 30. Kc1 Kd6 31. Kb2 Nb6 32. Kb3 Ra8 33. Be2 Rb8 34. Rd3+ Kc7 35. Kc3 Bxc4 36. Rd2 Bxa2 37. g3 Kc6 38. Bf3+ Bd5 39. Bxd5+ Nxd5+ 40. Kd3 Re8 41. c4 Re3+ 42. Kc2 Rc3+ 43. Kb1 Rxc4 44. Bb2 Re4 45. Ba3 c4 46. Rc2 Re1+ 47. Ka2 Re4 48. Bf8 c3 49. Kb3 Kb5 50. Bg7 Rb4+ 51. Ka2 Kc4 52. Ka3 Rb3+ 53. Ka2 Nb4+ 0-1

[Event "CYCC U12"]
[Site "Victoria CAN"]
[Date "2005.03.27"]
[Round "7.3"]
[White "Raymer, Elliot"]
[Black "Jiang, Louie"]
[Result "0-1"]
[WhiteElo "1481"]
[BlackElo "1731"]
[PlyCount "64"]
[GameId "2160767910969184"]
[EventDate "2005.03.24"]
[EventType "swiss"]
[EventRounds "7"]
[EventCountry "CAN"]

1. e4 c5 2. d4 cxd4 3. c3 dxc3 4. Nxc3 d6 5. Nf3 Nf6 6. Bc4 Nc6 7. O-O Bg4 8. Be3 e6 9. Qe2 Be7 10. Rfd1 O-O 11. Bf4 e5 12. Be3 a6 13. a3 Rc8 14. Bd5 h6 15. Rac1 Bh5 16. h3 Re8 17. b4 Bf8 18. Na4 Nxd5 19. Rxd5 Nd4 20. Qd1 Rxc1 21. Bxc1 Qd7 22. Nc3 Nxf3+ 23. gxf3 Qxh3 24. Rd3 Re6 25. f4 Rg6+ 26. Rg3 Bxd1 27. Nxd1 exf4 28. Bxf4 Rxg3+ 29. Bxg3 h5 30. Ne3 h4 31. Bh2 Qf3 32. Nf5 h3 0-1

[Event "CYCC U12"]
[Site "Victoria CAN"]
[Date "2005.03.27"]
[Round "7.4"]
[White "Yam, Richard"]
[Black "Huang, Richard"]
[Result "1/2-1/2"]
[WhiteElo "1718"]
[BlackElo "1477"]
[PlyCount "124"]
[GameId "2160767910969185"]
[EventDate "2005.03.24"]
[EventType "swiss"]
[EventRounds "7"]
[EventCountry "CAN"]

1. e4 c5 2. Nf3 e6 3. d4 cxd4 4. Nxd4 a6 5. Nc3 Nc6 6. Be3 Nf6 7. Bd3 Qc7 8. h3 Be7 9. O-O O-O 10. Kh1 Rd8 11. f4 d6 12. Qf3 Bd7 13. Rg1 Rac8 14. g4 Nxd4 15. Bxd4 d5 16. e5 Ne8 17. h4 Bc5 18. Bxc5 Qxc5 19. h5 Bc6 20. Kh2 b5 21. Rgf1 Qb4 22. f5 Qe7 23. g5 exf5 24. Qxf5 g6 25. hxg6 hxg6 26. Qf4 Ng7 27. Qf6 Re8 28. Rfe1 Nh5 29. Qf2 Qe6 30. Bf1 Kg7 31. Bh3 Qe7 32. Bxc8 Rxc8 33. Qf6+ Qxf6 34. gxf6+ Kf8 35. Rf1 Bd7 36. Rad1 Be6 37. Rf2 g5 38. Kg1 Nf4 39. Rxf4 gxf4 40. Rd4 Rc4 41. Rxc4 bxc4 42. Kf2 d4 43. Ne2 d3 44. cxd3 cxd3 45. Nxf4 Bxa2 46. Nxd3 Ke8 47. Ke3 Bc4 48. Kd4 Bb5 49. Nc5 Kd8 50. Kd5 Ke8 51. Kd6 Kd8 52. b4 Ke8 53. Ne4 Bc4 54. Kc7 Kf8 55. Nd6 Bd3 56. Kb6 Be2 57. Ne4 Kg8 58. Nc5 Kh7 59. Nxa6 Kg6 60. Nc5 Kf5 61. Nd7 Ke6 62. Kc6 Bb5+ 1/2-1/2

[Event "CYCC U12"]
[Site "Victoria CAN"]
[Date "2005.03.27"]
[Round "7.5"]
[White "Milner, Aviv"]
[Black "Zhang, Brent"]
[Result "0-1"]
[WhiteElo "1444"]
[BlackElo "1558"]
[PlyCount "61"]
[GameId "2160767910969186"]
[EventDate "2005.03.24"]
[EventType "swiss"]
[EventRounds "7"]
[EventCountry "CAN"]

1. e4 e6 2. d4 d5 3. Nc3 Nf6 4. Bg5 Be7 5. e5 Nfd7 6. Bxe7 Qxe7 7. Nce2 c5 8. c3 Nc6 9. Nf3 O-O 10. g3 cxd4 11. cxd4 f6 12. exf6 Nxf6 13. Bg2 Bd7 14. O-O Rac8 15. Rc1 Kh8 16. Re1 Nb4 17. Rxc8 Rxc8 18. a3 Nc2 19. Rf1 b5 20. Nc3 b4 21. axb4 Nxb4 22. Ne5 Nc6 23. Nxc6 Bxc6 24. Qb3 Nd7 25. Ra1 Nb6 26. Qa3 Qxa3 27. Rxa3 Rc7 28. Bh3 Nc4 29. Rb3 Rf7 30. Rb8+ Be8 31. Nb5 0-1

[Event "CYCC U12"]
[Site "Victoria CAN"]
[Date "2005.03.27"]
[Round "7.6"]
[White "Wild, Joshua"]
[Black "Rozybakiyev, Ilchin"]
[Result "0-1"]
[WhiteElo "1411"]
[BlackElo "1359"]
[PlyCount "100"]
[GameId "2160767910969187"]
[EventDate "2005.03.24"]
[EventType "swiss"]
[EventRounds "7"]
[EventCountry "CAN"]

1. e4 c5 2. Nf3 Nc6 3. d4 cxd4 4. Nxd4 e5 5. Nf3 d6 6. h3 Nf6 7. Nc3 Be7 8. Bc4 O-O 9. O-O h6 10. Be3 Kh8 11. Qd2 a6 12. Rad1 Qc7 13. Nd5 Nxd5 14. Bxd5 Kh7 15. Nh2 g5 16. Qc3 Bd7 17. Qc4 Kg7 18. Qe2 Nb4 19. Bb3 Rac8 20. c3 Bb5 21. c4 Bxc4 22. Bxc4 Qxc4 23. Qxc4 Rxc4 24. a3 Nc2 25. Bb6 Rxe4 26. Ng4 f5 27. f3 Rc4 28. Ne3 Nxe3 29. Bxe3 Rd8 30. Rc1 Rdc8 31. Rcd1 Kf6 32. Rd5 Ke6 33. Rfd1 f4 34. Bb6 R8c6 35. Bf2 Rc1 36. Kf1 Rxd1+ 37. Rxd1 d5 38. b4 Rc3 39. Ra1 d4 40. Ke1 Kd5 41. Kd2 Kc4 42. Be1 d3 43. Kd1 Rc2 44. Rb1 Bd8 45. b5 axb5 46. Rb4+ Kc5 47. Re4 Bc7 48. Bb4+ Kd5 49. Be1 Rc4 50. Bf2 b4 0-1

[Event "CYCC U12"]
[Site "Victoria CAN"]
[Date "2005.03.27"]
[Round "7.7"]
[White "MacKinnon, Keith"]
[Black "Keith-Jacques, Liam"]
[Result "1/2-1/2"]
[WhiteElo "1661"]
[BlackElo "1167"]
[PlyCount "33"]
[GameId "2160767910969188"]
[EventDate "2005.03.24"]
[EventType "swiss"]
[EventRounds "7"]
[EventCountry "CAN"]

1. e4 c5 2. Nf3 d6 3. d4 cxd4 4. Nxd4 e5 5. Nb5 a6 6. N5c3 Be6 7. Be3 Nf6 8. Nd5 Bxd5 9. exd5 Nbd7 10. Nc3 Be7 11. Be2 Qc7 12. Qd2 Rc8 13. O-O h5 14. a4 b5 15. Na2 a5 16. Bxb5 O-O 17. c3 1/2-1/2

[Event "CYCC U12"]
[Site "Victoria CAN"]
[Date "2005.03.27"]
[Round "7.8"]
[White "Herringer, Moise"]
[Black "Breel, Kevin"]
[Result "0-1"]
[WhiteElo "1152"]
[BlackElo "1374"]
[PlyCount "52"]
[GameId "2160767910969189"]
[EventDate "2005.03.24"]
[EventType "swiss"]
[EventRounds "7"]
[EventCountry "CAN"]

1. e3 d5 2. a3 c5 3. d4 e6 4. c4 Nf6 5. Nc3 cxd4 6. exd4 Be7 7. Bf4 a6 8. Nf3 O-O 9. Qc2 Nc6 10. c5 b6 11. Na4 bxc5 12. dxc5 Nd7 13. Bd3 f5 14. Bd6 Bxd6 15. cxd6 Nde5 16. Be2 Nxf3+ 17. Bxf3 Qxd6 18. Rc1 Bd7 19. Nb6 Nd4 20. Qc5 Qe5+ 21. Kf1 Bb5+ 22. Kg1 Nxf3+ 23. gxf3 Rf6 24. Qxb5 axb5 25. Nxa8 Qe2 26. h4 Rg6+ 0-1

[Event "CYCC U12"]
[Site "Victoria CAN"]
[Date "2005.03.27"]
[Round "7.9"]
[White "Gupta, Udit"]
[Black "Tom, Foster"]
[Result "1-0"]
[WhiteElo "1283"]
[BlackElo "988"]
[PlyCount "51"]
[GameId "2160767910969190"]
[EventDate "2005.03.24"]
[EventType "swiss"]
[EventRounds "7"]
[EventCountry "CAN"]

1. e4 e6 2. d4 d5 3. exd5 exd5 4. Nc3 Nf6 5. Bg5 Be6 6. g3 Nbd7 7. Bg2 h6 8. Bd2 c5 9. Nge2 Bd6 10. dxc5 Bxc5 11. O-O O-O 12. Kh1 Nb6 13. b3 Nh7 14. Qe1 Qf6 15. Nf4 Rfe8 16. Be3 d4 17. Ne4 Qe7 18. Nxe6 fxe6 19. Bd2 Nd5 20. h3 Nhf6 21. Nxf6+ Qxf6 22. a3 Rad8 23. b4 Bb6 24. Rc1 Rc8 25. a4 a6 26. b5 1-0

[Event "CYCC U12"]
[Site "Victoria CAN"]
[Date "2005.03.27"]
[Round "7.10"]
[White "Smorshchok, Daniel"]
[Black "Culjaga, Marko"]
[Result "1/2-1/2"]
[WhiteElo "1102"]
[BlackElo "1263"]
[PlyCount "111"]
[GameId "2160767910969191"]
[EventDate "2005.03.24"]
[EventType "swiss"]
[EventRounds "7"]
[EventCountry "CAN"]

1. e4 c5 2. Nf3 e6 3. d4 cxd4 4. Nxd4 Nf6 5. Nc3 Nc6 6. Nxc6 bxc6 7. e5 Ng8 8. Bc4 Qc7 9. Qe2 f6 10. exf6 Nxf6 11. Bg5 Be7 12. O-O h6 13. Bxf6 Bxf6 14. Qh5+ Kf8 15. Ne4 d5 16. Nxf6 gxf6 17. Bd3 Qg7 18. g3 Qg5 19. Qe2 Bd7 20. f4 Qg7 21. Rfe1 Re8 22. Rf1 f5 23. Qe3 Ra8 24. Qc5+ Qe7 25. Qd4 Qg7 26. Qc5+ Qe7 27. Qe3 Qg7 28. c3 h5 29. Kh1 h4 30. Rg1 hxg3 31. Rxg3 Qh7 32. Qc5+ Ke8 33. Qf2 Rb8 34. Qg2 Kf7 35. Rg1 Rhg8 36. Rxg8 Rxg8 37. Qf2 Rh8 38. Rg2 Qh5 39. Be2 Qh4 40. Qg1 Qh6 41. Qxa7 Ke8 42. Qb8+ Ke7 43. Qa7 Ke8 44. Qd4 Rh7 45. Qe5 Ke7 46. Qd4 Kd6 47. Qe5+ Ke7 48. Qd4 Kd6 49. Qb4+ Kc7 50. Qa5+ Kd6 51. b4 Qxf4 52. Qc5+ Kc7 53. Qa5+ Kd6 54. Qc5+ Ke5 55. Rf2 Qe4+ 56. Rg2 1/2-1/2

[Event "CYCC U12"]
[Site "Victoria CAN"]
[Date "2005.03.27"]
[Round "7.11"]
[White "Choi, David"]
[Black "Chow, Thomas"]
[Result "1-0"]
[WhiteElo "812"]
[BlackElo "1288"]
[PlyCount "125"]
[GameId "2160767910969192"]
[EventDate "2005.03.24"]
[EventType "swiss"]
[EventRounds "7"]
[EventCountry "CAN"]

1. e4 c5 2. Nf3 Nc6 3. d4 cxd4 4. Nxd4 Nf6 5. Nc3 e5 6. Nf3 Bb4 7. Bg5 O-O 8. Bd3 Nd4 9. Nxe5 Qb6 10. O-O Re8 11. Nc4 Qc6 12. e5 b5 13. exf6 gxf6 14. Qg4 fxg5 15. Qxg5+ Kf8 16. Bxh7 bxc4 17. Qg8+ Ke7 18. Rfe1+ Ne6 19. Qg5+ Kf8 20. Qg8+ Ke7 21. Qg5+ Kd6 22. Qg3+ Kc5 23. Ne4+ Kb6 24. Qe3+ Bc5 25. Nxc5 Qxc5 26. Qxc5+ Kxc5 27. f3 d5 28. f4 Bb7 29. f5 Ng5 30. Rxe8 Rxe8 31. b4+ Kxb4 32. Rb1+ Kc5 33. Rxb7 Nxh7 34. h4 a5 35. Rxf7 Rh8 36. Rg7 Nf6 37. Rg6 Ne4 38. f6 Rf8 39. h5 Nxf6 40. h6 Nh7 41. Rg7 Nf6 42. Rg6 Nh5 43. h7 Rh8 44. Rh6 Nf6 45. Rxf6 Rxh7 46. Rf3 d4 47. c3 d3 48. Kf2 Re7 49. Rh3 d2 50. Rh1 Kb5 51. Rd1 Rd7 52. Ke2 Ka4 53. Rxd2 Rxd2+ 54. Kxd2 Ka3 55. g4 Kxa2 56. g5 Kb2 57. g6 a4 58. g7 a3 59. g8=Q a2 60. Qb8+ Ka1 61. Qd6 Kb1 62. Qa3 Ka1 63. Qc1# 1-0

[Event "CYCC U12"]
[Site "Victoria CAN"]
[Date "2005.03.27"]
[Round "7.12"]
[White "Lacouvee, Connor"]
[Black "Landry, Francois Guillaume"]
[Result "1/2-1/2"]
[WhiteElo "1172"]
[BlackElo "1151"]
[PlyCount "70"]
[GameId "2160767910969193"]
[EventDate "2005.03.24"]
[EventType "swiss"]
[EventRounds "7"]
[EventCountry "CAN"]

1. c4 e5 2. Nc3 Nf6 3. d3 Bb4 4. g3 d5 5. Bd2 Be6 6. Bg2 c6 7. cxd5 cxd5 8. Qb3 Nc6 9. e3 Rb8 10. Qc2 O-O 11. Nge2 Qc7 12. O-O Bxc3 13. Bxc3 Rbd8 14. Bb4 Rfe8 15. d4 e4 16. Nf4 Qd7 17. Bc5 Rc8 18. Nxe6 Qxe6 19. Qd2 Nd7 20. b4 b6 21. b5 bxc5 22. bxc6 Rxc6 23. dxc5 Rxc5 24. Rfc1 Rxc1+ 25. Rxc1 Qe5 26. Qa5 Ra8 27. Bh3 Nf6 28. Rc7 Qd6 29. Qc3 Kf8 30. Qc6 Qxc6 31. Rxc6 g6 32. Kg2 h5 33. f3 Nd7 34. Bxd7 Ke7 35. h4 g5 1/2-1/2

[Event "CYCC U12"]
[Site "Victoria CAN"]
[Date "2005.03.27"]
[Round "7.13"]
[White "Renaud, Joshua"]
[Black "Greber, Carter"]
[Result "1/2-1/2"]
[WhiteElo "981"]
[BlackElo "1331"]
[PlyCount "59"]
[GameId "2160767910969194"]
[EventDate "2005.03.24"]
[EventType "swiss"]
[EventRounds "7"]
[EventCountry "CAN"]

1. Nf3 d5 2. d4 e6 3. c4 c6 4. a3 Nf6 5. Nc3 a6 6. Bg5 Be7 7. e3 b5 8. c5 O-O 9. b4 Nbd7 10. Bd3 a5 11. O-O Qc7 12. Qc2 e5 13. Be2 exd4 14. exd4 Nb8 15. h3 g6 16. Bd3 Ne4 17. Bxe7 Qxe7 18. Nxe4 dxe4 19. Bxe4 Re8 20. Rfe1 axb4 21. Bxc6 Nxc6 22. Rxe7 Nxe7 23. Qb3 bxa3 24. Ng5 Be6 25. Nxe6 fxe6 26. Qxe6+ Kh8 27. Qf7 b4 28. Kh2 Nf5 29. f3 Reb8 30. Qf6+ 1/2-1/2

[Event "CYCC U12"]
[Site "Victoria CAN"]
[Date "2005.03.27"]
[Round "7.14"]
[White "Wasser, Reuben"]
[Black "Miller, Ben"]
[Result "1-0"]
[WhiteElo "1098"]
[BlackElo "847"]
[PlyCount "59"]
[GameId "2160767910969195"]
[EventDate "2005.03.24"]
[EventType "swiss"]
[EventRounds "7"]
[EventCountry "CAN"]

1. e4 d5 2. exd5 Qxd5 3. Nc3 Qe6+ 4. Qe2 Qf5 5. Qb5+ Bd7 6. Qxb7 Bc6 7. Bb5 a6 8. Bxc6+ Nxc6 9. Qxc6+ Kd8 10. Qxa8+ Qc8 11. Qxc8+ Kxc8 12. Nf3 Nf6 13. O-O e5 14. Nxe5 Bd6 15. Nxf7 Re8 16. Nxd6+ Kd8 17. Nxe8 Kxe8 18. Re1+ Kf7 19. d3 h5 20. Bg5 c6 21. Bxf6 gxf6 22. Re4 f5 23. Re2 Kg6 24. Rae1 Kg5 25. Re6 c5 26. Ne4+ fxe4 27. R1xe4 Kf5 28. h3 a5 29. g3 h4 30. R4e5# 1-0

[Event "CYCC U12"]
[Site "Victoria CAN"]
[Date "2005.03.27"]
[Round "7.15"]
[White "Patterson, Sean"]
[Black "Moore, Jeremy"]
[Result "1-0"]
[WhiteElo "1205"]
[BlackElo "863"]
[PlyCount "29"]
[GameId "2160767910969196"]
[EventDate "2005.03.24"]
[EventType "swiss"]
[EventRounds "7"]
[EventCountry "CAN"]

1. d4 e6 2. c4 c5 3. Nf3 cxd4 4. Qxd4 Nc6 5. Qf4 Bb4+ 6. Bd2 e5 7. Nxe5 Nh6 8. Nxc6 bxc6 9. Bxb4 Qb6 10. Bc3 O-O 11. Qg3 Nf5 12. Qg4 d6 13. e4 Qc5 14. exf5 Bxf5 15. Qxg7# 1-0

[Event "CYCC U12"]
[Site "Victoria CAN"]
[Date "2005.03.27"]
[Round "7.16"]
[White "Parker, Dylan"]
[Black "Taylor, Patrick"]
[Result "1-0"]
[WhiteElo "765"]
[BlackElo "807"]
[PlyCount "39"]
[GameId "2160767910969197"]
[EventDate "2005.03.24"]
[EventType "swiss"]
[EventRounds "7"]
[EventCountry "CAN"]

1. e4 e5 2. Nf3 d6 3. Nc3 c5 4. Bb5+ Bd7 5. Bxd7+ Nxd7 6. d3 g6 7. a4 Be7 8. O-O g5 9. Nd5 f6 10. Nxe7 Nxe7 11. c3 f5 12. d4 exd4 13. cxd4 cxd4 14. Nxd4 Rf8 15. Ne6 Qc8 16. Nxf8 Kxf8 17. Qh5 Kg7 18. Be3 d5 19. h4 dxe4 20. hxg5 1-0

[Event "CYCC U12 w"]
[Site "Victoria CAN"]
[Date "2005.03.24"]
[Round "1.1"]
[White "Frenette, Catherine"]
[Black "Bullerkist, Caitlin"]
[Result "1-0"]
[WhiteElo "1432"]
[BlackElo "1194"]
[PlyCount "111"]
[GameId "2160767910969199"]
[EventDate "2005.03.24"]
[EventType "tourn"]
[EventRounds "7"]
[EventCountry "CAN"]

1. d4 d5 2. c4 dxc4 3. e4 Nf6 4. Nc3 e6 5. Bxc4 Bb4 6. Bg5 O-O 7. e5 h6 8. Bh4 g5 9. Bg3 Ne4 10. Nge2 Nc6 11. Qd3 Nxg3 12. hxg3 Kg7 13. a3 Bxc3+ 14. bxc3 Nxe5 15. dxe5 Qxd3 16. Bxd3 g4 17. Nf4 Rh8 18. Nh5+ Kf8 19. Nf6 b6 20. Nxg4 h5 21. Nf6 Bb7 22. Rxh5 Rxh5 23. Nxh5 Bxg2 24. Nf6 Rd8 25. Ke2 c5 26. f3 Bxf3+ 27. Ke3 Ke7 28. Be4 Bxe4 29. Kxe4 Rh8 30. Rd1 Rd8 31. Rxd8 Kxd8 32. c4 a6 33. a4 Kc7 34. Kd3 Kc6 35. Kc3 a5 36. Kd3 Kc7 37. Ne8+ Kd7 38. Nd6 Ke7 39. Ke4 Kf8 40. Kf4 Kg7 41. Nc8 f6 42. Nxb6 fxe5+ 43. Kxe5 Kf7 44. Nd7 Ke7 45. Nxc5 Kf7 46. Nxe6 Ke7 47. g4 Ke8 48. g5 Kf7 49. c5 Ke7 50. g6 Kd7 51. g7 Ke7 52. g8=Q Kd7 53. Qd8+ Kc6 54. Qd6+ Kb7 55. Qb6+ Kc8 56. Qc7# 1-0

[Event "CYCC U12 w"]
[Site "Victoria CAN"]
[Date "2005.03.24"]
[Round "1.2"]
[White "Percival, Helen"]
[Black "Orlova, Yelizaveta"]
[Result "0-1"]
[WhiteElo "1007"]
[BlackElo "1287"]
[PlyCount "88"]
[GameId "2160767910969200"]
[EventDate "2005.03.24"]
[EventType "tourn"]
[EventRounds "7"]
[EventCountry "CAN"]

1. e4 c5 2. Nc3 a6 3. Nf3 b5 4. Be2 Bb7 5. O-O b4 6. Nd5 e6 7. Ne3 Bxe4 8. d3 Bb7 9. h3 d5 10. Ng4 Be7 11. Bf4 Nf6 12. Nxf6+ Bxf6 13. Rb1 O-O 14. Qd2 Nc6 15. Qe3 Rc8 16. Rfe1 Ne7 17. Ng5 Nf5 18. Qd2 e5 19. Bg4 exf4 20. Bxf5 Bxg5 21. Bxc8 Bxc8 22. Qe2 Qf6 23. Qe5 Be6 24. Qxf6 Bxf6 25. b3 Bd4 26. Kh2 Bxf2 27. Rf1 Bg3+ 28. Kg1 g5 29. Rbd1 g4 30. hxg4 Bxg4 31. Rd2 d4 32. Kh1 Re8 33. Kg1 Re1 34. c4 dxc3 35. Rc2 Rxf1+ 36. Kxf1 Bd1 37. Rc1 c2 38. Kg1 f3 39. gxf3 Bf4 40. Rxd1 cxd1=Q+ 41. Kg2 Qe2+ 42. Kh3 Qxf3+ 43. Kh4 Qg3+ 44. Kh5 Qg5# 0-1

[Event "CYCC U12 w"]
[Site "Victoria CAN"]
[Date "2005.03.24"]
[Round "1.4"]
[White "Wang, Amanda"]
[Black "Durbalau, Diana"]
[Result "1-0"]
[WhiteElo "1140"]
[BlackElo "873"]
[PlyCount "51"]
[GameId "2160767910969201"]
[EventDate "2005.03.24"]
[EventType "tourn"]
[EventRounds "7"]
[EventCountry "CAN"]

1. e4 e5 2. Nf3 Nc6 3. d4 d5 4. exd5 Qxd5 5. Nc3 Bb4 6. Bd2 Bxc3 7. Bxc3 Bg4 8. Be2 e4 9. Ne5 Bxe2 10. Qxe2 Nxd4 11. Qd2 c5 12. Ng4 Ne7 13. Ne3 Qe5 14. Nc4 Qd5 15. Ne3 Qd6 16. Nc4 Qg6 17. Bxd4 cxd4 18. g3 Rd8 19. O-O-O Qa6 20. Na3 d3 21. cxd3 exd3 22. Rhe1 Qc6+ 23. Kb1 Rd4 24. Qe3 Rd7 25. Rxd3 Rxd3 26. Qxe7# 1-0

[Event "CYCC U12 w"]
[Site "Victoria CAN"]
[Date "2005.03.24"]
[Round "2"]
[White "Orlova, Yelizaveta"]
[Black "Frenette, Catherine"]
[Result "1-0"]
[WhiteElo "1287"]
[BlackElo "1432"]
[PlyCount "93"]
[GameId "2160767910969202"]
[EventDate "2005.03.24"]
[EventType "tourn"]
[EventRounds "7"]
[EventCountry "CAN"]

1. e4 c5 2. Nc3 Nc6 3. g3 g6 4. Bg2 Bg7 5. d3 Nf6 6. Be3 Qb6 7. Rb1 O-O 8. h3 e6 9. Qd2 Rd8 10. Na4 Qb4 11. Nxc5 Nd4 12. c3 Qxc5 13. Bxd4 Qa5 14. b4 Qc7 15. f4 d5 16. e5 Ne8 17. Ne2 a5 18. bxa5 Qc6 19. Bb6 Rd7 20. Nd4 Qa4 21. Rb4 Qa3 22. Nb5 Qxb4 23. cxb4 Bf8 24. O-O Ng7 25. g4 Rd8 26. Bxd8 Bd7 27. a4 Rxd8 28. Qc3 Rc8 29. Qd4 h5 30. Qb6 Bc6 31. Nd6 Bxd6 32. exd6 Ne8 33. b5 Bd7 34. Qxb7 Bxb5 35. Qxc8 Bxa4 36. d7 Bxd7 37. Qxd7 Kf8 38. Qxe8+ Kxe8 39. a6 d4 40. gxh5 gxh5 41. a7 e5 42. f5 e4 43. a8=Q+ Ke7 44. Qxe4+ Kf6 45. Qxd4+ Ke7 46. Re1+ Kf8 47. Qh8# 1-0